000 00609nam a2200217Ii 4500
003 JO-AjNU
008 230606s9999||||xx |||||||||||||| ||und||
020 _a0-415-34385-2 , 978-0-415-34385-5
040 _aJO-AjNU
_beng
_erda
_cJO-AjNU
041 _aeng
050 1 4 _aPN75.G74.R63 2008
100 3 _aRobson,Mark,
_eauthor
_956
245 0 0 _aSTEPHEN GREENBLATT
250 _a1 ed
264 3 1 _aNew York:Routledge,2008
300 _a148P
336 _atext
_btxt
_2rdacontent
337 _aunmediated
_bn
_2rdamedia
338 _avolume
_bnc
_2rdacarrier
650 4 _aGreenblatt, Stephen - New historicism
_957
999 _aE32
_c32
_d32